|
|
|
|
| LEADER |
03089nam a22004575i 4500 |
| 001 |
978-1-137-52343-3 |
| 003 |
DE-He213 |
| 005 |
20171102021154.0 |
| 007 |
cr nn 008mamaa |
| 008 |
170426s2017 xxu| s |||| 0|eng d |
| 020 |
|
|
|a 9781137523433
|9 978-1-137-52343-3
|
| 024 |
7 |
|
|a 10.1057/978-1-137-52343-3
|2 doi
|
| 040 |
|
|
|d GrThAP
|
| 050 |
|
4 |
|a HF5410-5417.5
|
| 072 |
|
7 |
|a KJS
|2 bicssc
|
| 072 |
|
7 |
|a KJSM
|2 bicssc
|
| 072 |
|
7 |
|a BUS043000
|2 bisacsh
|
| 082 |
0 |
4 |
|a 658.8
|2 23
|
| 245 |
1 |
0 |
|a Fashion Branding and Communication
|h [electronic resource] :
|b Core Strategies of European Luxury Brands /
|c edited by Byoungho Jin, Elena Cedrola.
|
| 264 |
|
1 |
|a New York :
|b Palgrave Macmillan US :
|b Imprint: Palgrave Pivot,
|c 2017.
|
| 300 |
|
|
|a XVIII, 188 p. 45 illus.
|b online resource.
|
| 336 |
|
|
|a text
|b txt
|2 rdacontent
|
| 337 |
|
|
|a computer
|b c
|2 rdamedia
|
| 338 |
|
|
|a online resource
|b cr
|2 rdacarrier
|
| 347 |
|
|
|a text file
|b PDF
|2 rda
|
| 490 |
1 |
|
|a Palgrave Studies in Practice: Global Fashion Brand Management
|
| 505 |
0 |
|
|a 1) Brands as Core Assets: Trends and Challenges of Branding in Fashion Business -- 2) Harmont and Blaine: A Successful Dachshund to Build the Values and Brand Identity -- 3) Salvatore Ferragamo: Brand Heritage as Main Vector of Brand Extension and Internationalization -- 4) Tod's: A Global Multi-Brand Company with a Taste of Tradition -- 5) The Prada Trend: Brand Building at the Intersection of Design, Art, Technology and Retail Experience -- 6) Louis Vuitton: Art-based Strategy to Communicate Exclusivity and Prestige. .
|
| 520 |
|
|
|a This second volume in the Palgrave Studies in Practice: Global Fashion Management series focuses on core strategies of branding and communication of European luxury and premium brands. Brand is a critical asset many firms strive to establish, maintain, and grow. It is more so for fashion companies when consumers purchase styles, dreams and symbolic images through a brand. The volume starts with an introductory chapter that epitomizes the essence of fashion brand management with a particular emphasis on emerging branding practices, challenges and trends in the fashion industry. The subsequent five cases demonstrate how a family workshop from a small town can grow into a global luxury or premium brand within a relatively short amount of time. Scholars and practitioners in fashion, retail, branding, and international business will learn how companies can establish a strong brand identity through innovative strategies and management. .
|
| 650 |
|
0 |
|a Business.
|
| 650 |
|
0 |
|a Marketing.
|
| 650 |
1 |
4 |
|a Business and Management.
|
| 650 |
2 |
4 |
|a Marketing.
|
| 700 |
1 |
|
|a Jin, Byoungho.
|e editor.
|
| 700 |
1 |
|
|a Cedrola, Elena.
|e editor.
|
| 710 |
2 |
|
|a SpringerLink (Online service)
|
| 773 |
0 |
|
|t Springer eBooks
|
| 776 |
0 |
8 |
|i Printed edition:
|z 9781137523426
|
| 830 |
|
0 |
|a Palgrave Studies in Practice: Global Fashion Brand Management
|
| 856 |
4 |
0 |
|u http://dx.doi.org/10.1057/978-1-137-52343-3
|z Full Text via HEAL-Link
|
| 912 |
|
|
|a ZDB-2-BUM
|
| 950 |
|
|
|a Business and Management (Springer-41169)
|